Movies by the Wide Shot V Quiz Stats

 Plays Quiz Updated Aug 7, 2018

Challenge
Share
Tweet
Score 0/25 Timer 07:00
98 Plays Today
% Correct
Transformers: Age of Extinction
97.6%
Star Wars: The Force Awakens
97.4%
The Jungle Book
78.7%
Harry Potter and the Chamber of Secrets
78.3%
Kill Bill Vol. 1
76.8%
Zombieland
68.1%
Bridesmaids
59.3%
Lawrence of Arabia
59%
Thor
52.7%
The Shawshank Redemption
49.4%
Indiana Jones and the Last Crusade
48.1%
The Shining
48%
Inglourious Basterds
48%
% Correct
Kong: Skull Island
47.8%
The Hunger Games: Mockingjay – Part 1
41.1%
Mulan
40.4%
The Birds
39.5%
Batman Begins
34.1%
Megamind
29.9%
Kick-Ass
24.3%
Moonrise Kingdom
24%
Les Misérables
19.9%
City of God
14.6%
10 Cloverfield Lane
7.5%
The Tree of Life
6.4%

You're not logged in!

Compare scores with friends on all Sporcle quizzes.
Join for Free
OR
Log In

You Might Also Like...

Show Comments

Extras

Top Quizzes Today


Score Distribution

Your Account Isn't Verified!

In order to create a playlist on Sporcle, you need to verify the email address you used during registration. Go to your Sporcle Settings to finish the process.

Report this User

Report this user for behavior that violates our Community Guidelines.

Details: